Statistics for Tile select-countries

Click here to take the quiz!

General Stats

  • This quiz has been taken 22 times
  • The average score is 37 of 45

Answer Stats

QuestionTileSelect% Correct
landlocked countriesPortugalNo
100%
countries with blue on it's flagGermanyNo
95%
island countriesGermanyNo
95%
countries with blue on it's flagIranNo
95%
countries with blue on it's flagIrelandNo
95%
landlocked countriesItalyNo
95%
island countriesNew ZealandYes
95%
countries with blue on it's flagSaudi ArabiaNo
95%
countries with blue on it's flagUnited StatesYes
95%
island countriesVietnamNo
95%
island countriesAntigua and BarbudaYes
89%
landlocked countriesAustriaYes
89%
countries that border RussiaEstoniaYes
89%
countries with blue on it's flagGreeceYes
89%
countries that border RussiaKazakhstanYes
89%
countries smaller than MonacoLaosNo
89%
countries smaller than MonacoMaliNo
89%
island countriesMauritaniaNo
89%
island countriesMauritiusYes
89%
countries smaller than MonacoMoroccoNo
89%
island countriesParaguayNo
89%
island countriesPhilippinesYes
89%
countries smaller than MonacoUnited KingdomNo
89%
countries with blue on it's flagUruguayYes
89%
countries smaller than MonacoVatican CityYes
89%
countries that border RussiaBelarusYes
84%
landlocked countriesBoliviaYes
84%
countries that border RussiaChinaYes
84%
countries that border RussiaFinlandYes
84%
countries smaller than MonacoMaltaNo
84%
countries that border RussiaMongoliaYes
84%
landlocked countriesLaosYes
79%
landlocked countriesEthiopiaYes
74%
landlocked countriesJordanNo
74%
countries smaller than MonacoLuxembourgNo
74%
landlocked countriesIraqNo
68%
countries that border RussiaNorth KoreaYes
68%
countries that border RussiaNorwayYes
68%
countries smaller than MonacoSaint LuciaNo
68%
countries with blue on it's flagVatican CityNo
68%
countries that border RussiaAzerbaijanYes
63%
countries smaller than MonacoSan MarinoNo
63%
landlocked countriesAzerbaijanYes
58%
countries with blue on it's flagEthiopiaYes
42%
island countriesAustraliaNo
26%

Score Distribution

Percentile by Number Answered

Percent of People with Each Score

Your Score History

You have not taken this quiz